[Event "BCF-ch U14"]
[Site "Hull"]
[Date "2018.08.03"]
[Round "6"]
[White "Ramaiya, Arushi"]
[Black "Rayner, Hugo"]
[Result "1-0"]
[WhiteElo "1676"]
[BlackElo "1391"]
[PlyCount "67"]
[EventDate "2018.07.29"]
[EventType "swiss"]
[EventRounds "7"]
[EventCountry "ENG"]
[SourceTitle "CBM 186 Extra"]
[Source "ChessBase"]
[SourceDate "2018.08.24"]
[SourceVersion "1"]
[SourceVersionDate "2018.08.24"]
[SourceQuality "1"]

1. e4 c5 2. Nc3 Nc6 3. f4 e6 4. Nf3 g6 5. Bb5 Nge7 6. Bxc6 Nxc6 7. d3 Bg7 8. 0-0 0-0 9. Be3 d6 10. d4 cxd4 11. Nxd4 Qd7 12. f5 exf5 13. exf5 Bxd4 14. Bxd4 Nxd4 15. Qxd4 Qc6 16. fxg6 hxg6 17. Rad1 Qc5 18. Ne4 Qxd4+ 19. Rxd4 Bf5 20. Nxd6 Bxc2 21. Nxb7 Rab8 22. Rd7 Bf5 23. Re7 Be4 24. Nc5 Bd5 25. Nd7 Rxb2 26. Nf6+ Kg7 27. Nxd5 Rxa2 28. Nc7 Kg8 29. Nb5 a5 30. Ra7 f5 31. Ra6 Kg7 32. Nd4 Rb8 33. Rc1 Rbb2 34. Nxf5+ 1-0

[Event "BCF-ch Weekend Under 1825 105th"]
[Site "Hull"]
[Date "2018.07.28"]
[Round "3.3"]
[White "Parry, Samuel A"]
[Black "Ramaiya, Arushi"]
[Result "1/2-1/2"]
[WhiteElo "1464"]
[BlackElo "1676"]
[PlyCount "111"]
[EventDate "2018.07.27"]
[EventType "swiss"]
[EventRounds "5"]
[EventCountry "ENG"]
[SourceTitle "EXT 2021"]
[Source "ChessBase"]
[SourceDate "2020.10.23"]
[SourceVersion "1"]
[SourceVersionDate "2020.10.23"]
[SourceQuality "1"]

1. d4 Nf6 2. Bg5 d5 3. Bxf6 gxf6 4. c4 c6 5. Nc3 Bf5 6. Qb3 Qd7 7. cxd5 cxd5 8. Qxd5 Qxd5 9. Nxd5 Kd7 10. e3 Nc6 11. a3 Bg7 12. Nc3 e5 13. d5 Ne7 14. Nf3 Rad8 15. Bc4 Bg6 16. 0-0 a6 17. Rfd1 Bh5 18. Be2 Kc7 19. Rac1 Kb8 20. h3 f5 21. Kf1 h6 22. Nh4 Bxe2+ 23. Kxe2 e4 24. d6 Bf6 25. dxe7 Rxd1 26. Rxd1 Bxh4 27. Rd7 Kc8 28. e8Q+ Rxe8 29. Rxf7 Re5 30. g3 Bd8 31. g4 fxg4 32. hxg4 Bg5 33. Rf5 Rxf5 34. gxf5 Bf6 35. f3 exf3+ 36. Kxf3 Kd7 37. Ke4 Kd6 38. Nd1 h5 39. b3 Be5 40. Nf2 Bf6 41. Nd3 h4 42. Kf4 Kd5 43. Nb4+ Kc5 44. Nc2 Kd5 45. e4+ Kd6 46. Ne1 h3 47. Nf3 h2 48. Nxh2 Be5+ 49. Kg5 Bxh2 50. f6 Ke6 51. Kg6 Bd6 52. a4 Ke5 53. Kf7 Kxe4 54. Ke6 Bc5 55. Kd7 Kd4 56. Kc7 1/2-1/2

[Event "BCF-ch Weekend Under 1825 105th"]
[Site "Hull"]
[Date "2018.07.28"]
[Round "2.6"]
[White "Ramaiya, Arushi"]
[Black "Zigmond, Andrew"]
[Result "1-0"]
[WhiteElo "1676"]
[BlackElo "1539"]
[PlyCount "93"]
[EventDate "2018.07.27"]
[EventType "swiss"]
[EventRounds "5"]
[EventCountry "ENG"]
[SourceTitle "EXT 2021"]
[Source "ChessBase"]
[SourceDate "2020.10.23"]
[SourceVersion "1"]
[SourceVersionDate "2020.10.23"]
[SourceQuality "1"]

1. e4 c5 2. Nc3 Nc6 3. Bb5 d6 4. f4 Bd7 5. Bxc6 Bxc6 6. d3 Nf6 7. Nf3 g6 8. 0-0 Bg7 9. Qe1 Qc7 10. Bd2 0-0-0 11. e5 Nd5 12. Ne4 dxe5 13. Nxe5 Bxe5 14. fxe5 Qxe5 15. Nxc5 Qd4+ 16. Qf2 Qxf2+ 17. Rxf2 f6 18. Re1 b6 19. Ne6 Rd7 20. Rfe2 Re8 21. c4 Nc7 22. Nxc7 Kxc7 23. Bc3 Rxd3 24. Rxe7+ Rxe7 25. Rxe7+ Kc8 26. Rxh7 a5 27. Rf7 f5 28. Rf6 Be4 29. Rxg6 Rd1+ 30. Kf2 Bd3 31. Rxb6 Rf1+ 32. Ke3 Be4 33. g3 Rf3+ 34. Ke2 a4 35. Ra6 f4 36. gxf4 Rxf4 37. Ke3 Rh4 38. Bf6 Bb7 39. Bxh4 Bxa6 40. Kd4 Kd7 41. Bf2 Kc6 42. h4 Bc8 43. h5 Bf5 44. h6 Bh7 45. Ke5 Kb7 46. Kf6 Ka6 47. Kg7 1-0

[Event "BCF-ch U14"]
[Site "Llandudno"]
[Date "2017.08.04"]
[Round "6"]
[White "Govindaraj, Neya"]
[Black "Ramaiya, Arushi"]
[Result "1/2-1/2"]
[WhiteElo "1318"]
[BlackElo "1614"]
[PlyCount "75"]
[EventDate "2017.07.30"]
[EventType "swiss"]
[EventRounds "7"]
[EventCountry "WLS"]
[SourceTitle "CBM 179 Extra"]
[Source "ChessBase"]
[SourceDate "2017.08.23"]
[SourceVersion "1"]
[SourceVersionDate "2017.08.23"]
[SourceQuality "1"]

1. d4 Nf6 2. Nc3 d5 3. Bg5 Nbd7 4. Qd3 h6 5. Bf4 c5 6. Nf3 c4 7. Qd2 a6 8. Ne5 e6 9. a3 Nh5 10. Nxd7 Bxd7 11. e4 Nxf4 12. Qxf4 Bc6 13. exd5 exd5 14. Qe5+ Qe7 15. Qxe7+ Bxe7 16. g3 Bf6 17. 0-0-0 0-0-0 18. Bg2 Rhe8 19. f4 b5 20. b3 Be7 21. Kb2 Kc7 22. Rhe1 a5 23. bxc4 bxc4 24. Rb1 Rb8+ 25. Ka2 Rxb1 26. Rxb1 Rd8 27. Nb5+ Kd7 28. Bh3+ Ke8 29. Nc3 Bf6 30. Re1+ Kf8 31. Rd1 Re8 32. Bg2 Re3 33. Kb2 Be7 34. Ra1 Bf6 35. Rd1 Be7 36. Ra1 Bf6 37. Rd1 Be7 38. Ra1 1/2-1/2

[Event "BCF-ch U14"]
[Site "Llandudno"]
[Date "2017.07.31"]
[Round "2"]
[White "Rushbrooke, Remy"]
[Black "Ramaiya, Arushi"]
[Result "1-0"]
[WhiteElo "1909"]
[BlackElo "1614"]
[PlyCount "113"]
[EventDate "2017.07.30"]
[EventType "swiss"]
[EventRounds "7"]
[EventCountry "WLS"]
[SourceTitle "CBM 179 Extra"]
[Source "ChessBase"]
[SourceDate "2017.08.23"]
[SourceVersion "1"]
[SourceVersionDate "2017.08.23"]
[SourceQuality "1"]

1. e4 e5 2. Nf3 Nc6 3. Nc3 Nf6 4. d4 exd4 5. Nxd4 Bb4 6. Nxc6 bxc6 7. Bd3 d5 8. exd5 cxd5 9. 0-0 c6 10. Bg5 Be6 11. Ne2 h6 12. Bh4 Bc5 13. Kh1 g5 14. Bg3 Rg8 15. f4 Ng4 16. f5 Bd7 17. Ng1 Kf8 18. Qxg4 Qf6 19. Rae1 Re8 20. Rxe8+ Bxe8 21. Re1 Qg7 22. f6 Qxf6 23. Be5 Qf2 24. Qh5 Qxe1 25. Qxh6+ Ke7 26. Qf6+ Kf8 27. Bd4 Bxd4 28. Qxd4 Qh4 29. Qxa7 Rh8 30. Qc7 g4 31. b3 Bd7 32. a4 Be6 33. a5 Qe1 34. a6 g3 35. Qd8+ Kg7 36. Qg5+ Kf8 37. h4 Bh3 38. Qf4 f5 39. a7 Kg7 40. gxh3 Qf2 41. Qg5+ Kf7 42. Qxf5+ Ke7 43. Qe5+ Kd7 44. Bf5+ Qxf5 45. Qxf5+ Kc7 46. Qe5+ Kb7 47. Qxh8 g2+ 48. Kxg2 Kxa7 49. Qd8 c5 50. Qc7+ Ka6 51. h5 d4 52. h6 d3 53. cxd3 c4 54. h7 c3 55. h8Q c2 56. Qf6+ Kb5 57. Qcb6# 1-0

[Event "EU-ch U12 Girls 26th"]
[Site "Prague"]
[Date "2016.08.27"]
[Round "9"]
[White "Lomaia, Diana"]
[Black "Ramaiya, Arushi"]
[Result "1-0"]
[WhiteElo "1593"]
[BlackElo "1468"]
[PlyCount "73"]
[EventDate "2016.08.18"]
[EventType "swiss"]
[EventRounds "9"]
[EventCountry "CZE"]
[SourceTitle "CBM 174 Extra"]
[Source "ChessBase"]
[SourceDate "2016.10.10"]
[SourceVersion "1"]
[SourceVersionDate "2016.10.10"]
[SourceQuality "1"]

1. e4 e5 2. Nc3 Nc6 3. Bc4 Nf6 4. d3 Bc5 5. f4 d6 6. Nf3 Nd4 7. Nxd4 Bxd4 8. f5 c6 9. Qe2 h6 10. Bb3 Qc7 11. Be3 Qa5 12. Bd2 Bd7 13. Rf1 Rf8 14. h3 0-0-0 15. 0-0-0 Rde8 16. Kb1 Qa6 17. g4 b5 18. a3 Qb6 19. Qe1 a5 20. Ne2 Be3 21. Bxa5 Qa7 22. Bd2 d5 23. Bxe3 Qxe3 24. Nc3 Qxh3 25. exd5 cxd5 26. Nxd5 Nxd5 27. Bxd5 Qxg4 28. Qc3+ Kd8 29. Be4 Qg5 30. Qa5+ Ke7 31. Qb4+ Kd8 32. d4 Qf6 33. dxe5 Qxe5 34. Bc6 Re7 35. Bxd7 Rh8 36. Qa5+ Qc7 37. Qa8+ 1-0

[Event "EU-ch U12 Girls 26th"]
[Site "Prague"]
[Date "2016.08.26"]
[Round "8"]
[White "Ramaiya, Arushi"]
[Black "Sild, Marta Pauliine"]
[Result "1-0"]
[WhiteElo "1468"]
[BlackElo "1239"]
[PlyCount "79"]
[EventDate "2016.08.18"]
[EventType "swiss"]
[EventRounds "9"]
[EventCountry "CZE"]
[SourceTitle "CBM 174 Extra"]
[Source "ChessBase"]
[SourceDate "2016.10.10"]
[SourceVersion "1"]
[SourceVersionDate "2016.10.10"]
[SourceQuality "1"]

1. d4 c5 2. c3 Nf6 3. Nf3 g6 4. Bf4 Bg7 5. e3 0-0 6. Nbd2 d6 7. h3 Nc6 8. g4 cxd4 9. cxd4 Re8 10. Nc4 b5 11. Ncd2 a6 12. Bg2 Qb6 13. Rc1 Bb7 14. Qe2 Rad8 15. Rg1 e5 16. dxe5 dxe5 17. Bg3 Nd7 18. a3 Nc5 19. Kf1 e4 20. Ng5 Bxb2 21. Rc2 Bg7 22. Ndxe4 Nxe4 23. Nxe4 Qa5 24. Nd6 Qxa3 25. Bxc6 Bxc6 26. Rxc6 Re6 27. Rc2 Rexd6 28. Bxd6 Qxd6 29. Kg2 Qb6 30. Rgc1 a5 31. Rc8 Rxc8 32. Rxc8+ Bf8 33. Kf1 Qb7 34. Qc2 a4 35. Qc5 Kg7 36. Qxf8+ Kf6 37. Qd6+ Kg7 38. Qe5+ Kh6 39. g5+ Kh5 40. Rh8 1-0

[Event "EU-ch U12 Girls 26th"]
[Site "Prague"]
[Date "2016.08.22"]
[Round "5"]
[White "Van den Brink, Nienke"]
[Black "Ramaiya, Arushi"]
[Result "0-1"]
[WhiteElo "1612"]
[BlackElo "1468"]
[PlyCount "66"]
[EventDate "2016.08.18"]
[EventType "swiss"]
[EventRounds "9"]
[EventCountry "CZE"]
[SourceTitle "CBM 174 Extra"]
[Source "ChessBase"]
[SourceDate "2016.10.10"]
[SourceVersion "1"]
[SourceVersionDate "2016.10.10"]
[SourceQuality "1"]

1. e4 e5 2. Bc4 Nf6 3. d4 exd4 4. e5 d5 5. Bb5+ Bd7 6. Qe2 Ne4 7. Nf3 Bb4+ 8. Nbd2 Nxd2 9. Bxd7+ Nxd7 10. Bxd2 Bxd2+ 11. Qxd2 0-0 12. Qxd4 Re8 13. 0-0-0 c6 14. h4 Qb6 15. Qf4 Qxf2 16. Rdf1 Qc5 17. h5 d4 18. Qf5 Rad8 19. Ng5 Nxe5 20. Qxh7+ Kf8 21. h6 Nd3+ 22. Qxd3 Qxg5+ 23. Qd2 Qxd2+ 24. Kxd2 gxh6 25. Rxh6 Kg7 26. Rfh1 Rh8 27. Rxh8 Rxh8 28. Rxh8 Kxh8 29. Kd3 c5 30. Kc4 b6 31. Kb5 Kg7 32. Ka6 c4 33. Kxa7 d3 0-1

[Event "BCF-ch U12"]
[Site "Bournemouth"]
[Date "2016.07.24"]
[Round "1"]
[White "Munshi, Aditya"]
[Black "Ramaiya, Arushi"]
[Result "1-0"]
[WhiteElo "1838"]
[BlackElo "1500"]
[PlyCount "113"]
[EventDate "2016.07.24"]
[EventType "swiss"]
[EventRounds "7"]
[EventCountry "ENG"]
[SourceTitle "EXT 2017"]
[Source "ChessBase"]
[SourceDate "2016.10.25"]
[SourceVersion "1"]
[SourceVersionDate "2016.10.25"]
[SourceQuality "1"]

1. e4 e5 2. Nf3 Nc6 3. Bb5 a6 4. Ba4 Nf6 5. 0-0 b5 6. Bb3 Be7 7. Re1 0-0 8. h3 d6 9. c3 Bb7 10. d4 h6 11. Nbd2 Re8 12. dxe5 dxe5 13. Nh4 Na5 14. Bc2 Nxe4 15. Nf5 Nxd2 16. Bxd2 Bg5 17. Bxg5 Qxg5 18. g3 Rad8 19. Qc1 Qxc1 20. Raxc1 Rd2 21. Red1 Rxd1+ 22. Rxd1 Bc8 23. b3 Bxf5 24. Bxf5 g6 25. Bc2 Re6 26. Kg2 Rc6 27. Rd3 Rd6 28. Kf3 f5 29. Ke3 Kf7 30. f3 Rxd3+ 31. Bxd3 Kf6 32. g4 f4+ 33. Ke2 h5 34. Be4 c5 35. Kd3 c4+ 36. Kc2 cxb3+ 37. axb3 hxg4 38. hxg4 Kg5 39. Kb2 Kh4 40. Ka3 g5 41. Kb4 Nxb3 42. Kxb3 a5 43. c4 bxc4+ 44. Kxc4 Kg3 45. Kb5 Kf2 46. Kxa5 Ke3 47. Kb5 Kd4 48. Kb4 Ke3 49. Kc5 Kf2 50. Kd5 Kg3 51. Kxe5 Kh3 52. Kf6 Kh4 53. Kf5 Kh3 54. Kxg5 Kg3 55. Ba8 Kh3 56. Kxf4 Kh4 57. Be4 1-0

[Event "Daventry Stokes Cup U12"]
[Site "Daventry"]
[Date "2016.07.18"]
[Round "2.2"]
[White "Brouard, Gregoire"]
[Black "Ramaiya, Arushi"]
[Result "1-0"]
[WhiteElo "1750"]
[BlackElo "1500"]
[PlyCount "67"]
[EventDate "2016.07.18"]
[EventType "team-tourn"]
[EventRounds "5"]
[EventCountry "ENG"]
[SourceTitle "EXT 2020"]
[Source "ChessBase"]
[SourceDate "2019.10.17"]
[SourceVersion "1"]
[SourceVersionDate "2019.10.17"]
[SourceQuality "1"]
[WhiteTeam "France"]
[BlackTeam "England II"]
[WhiteTeamCountry "FRA"]
[BlackTeamCountry "ENG"]

1. d4 Nf6 2. c4 e6 3. Nc3 Bb4 4. e3 0-0 5. Nge2 b6 6. a3 Bxc3+ 7. Nxc3 Bb7 8. f3 d6 9. Bd3 Nbd7 10. Qc2 c5 11. d5 exd5 12. Nxd5 Bxd5 13. cxd5 Re8 14. 0-0 Ne5 15. Bb5 Re7 16. e4 a6 17. Be2 Qd7 18. Bg5 Ng6 19. Bd3 h6 20. Bxf6 gxf6 21. Qc3 Nf4 22. Qd2 Nxd3 23. Qxd3 b5 24. Qe3 Kh7 25. Qf4 f5 26. exf5 Re5 27. g4 Rxd5 28. Rad1 Rxd1 29. Rxd1 d5 30. Qe5 Rd8 31. Qf6 a5 32. f4 Rg8 33. g5 b4 34. Qxh6# 1-0

[Event "Daventry Stokes Cup U12"]
[Site "Daventry"]
[Date "2016.07.18"]
[Round "1.1"]
[White "Ramaiya, Arushi"]
[Black "Munshi, Aditya"]
[Result "0-1"]
[WhiteElo "1500"]
[BlackElo "1838"]
[PlyCount "70"]
[EventDate "2016.07.18"]
[EventType "team-tourn"]
[EventRounds "5"]
[EventCountry "ENG"]
[SourceTitle "EXT 2020"]
[Source "ChessBase"]
[SourceDate "2019.10.17"]
[SourceVersion "1"]
[SourceVersionDate "2019.10.17"]
[SourceQuality "1"]
[WhiteTeam "England II"]
[BlackTeam "England"]
[WhiteTeamCountry "ENG"]
[BlackTeamCountry "ENG"]

1. e4 c5 2. Nc3 Nc6 3. f4 e6 4. Bb5 Nge7 5. Bxc6 Nxc6 6. Nf3 d5 7. d3 Be7 8. 0-0 0-0 9. Qe1 d4 10. Nd1 b5 11. a3 c4 12. Qg3 f5 13. e5 a5 14. Nf2 Ba6 15. b3 cxb3 16. cxb3 Qd5 17. Rb1 Rac8 18. a4 bxa4 19. bxa4 Nb4 20. Ba3 Rc3 21. Bb2 Nxd3 22. Bxc3 dxc3 23. Ne1 Nxf2 24. Rxf2 Bc5 25. Qxc3 Bxf2+ 26. Kxf2 Rc8 27. Qb3 Qd2+ 28. Kg1 Qd4+ 29. Kh1 Bc4 30. Qb6 Qxf4 31. Nf3 Bd5 32. Qxa5 Bxf3 33. Rf1 Bxg2+ 34. Kxg2 Rc2+ 35. Kg1 Qxh2# 0-1

[Event "Daventry Stokes Cup U12"]
[Site "Daventry"]
[Date "2016.07.18"]
[Round "3.2"]
[White "Ramaiya, Arushi"]
[Black "Sanger, Jake M"]
[Result "0-1"]
[WhiteElo "1500"]
[BlackElo "1550"]
[PlyCount "142"]
[EventDate "2016.07.18"]
[EventType "team-tourn"]
[EventRounds "5"]
[EventCountry "ENG"]
[SourceTitle "EXT 2020"]
[Source "ChessBase"]
[SourceDate "2019.10.17"]
[SourceVersion "1"]
[SourceVersionDate "2019.10.17"]
[SourceQuality "1"]
[WhiteTeam "England II"]
[BlackTeam "Scotland"]
[WhiteTeamCountry "ENG"]
[BlackTeamCountry "SCO"]

1. e4 e6 2. d4 d5 3. Nd2 Nf6 4. e5 Nfd7 5. Bd3 c5 6. c3 Nc6 7. Ne2 cxd4 8. cxd4 f6 9. exf6 Nxf6 10. 0-0 Bd6 11. Nf3 0-0 12. Bg5 Qc7 13. Rc1 Bd7 14. Qc2 h6 15. Bh4 Be8 16. Bg6 Bxg6 17. Qxg6 Qf7 18. Qxf7+ Rxf7 19. Rfe1 Ne4 20. Ng3 Bxg3 21. Bxg3 Raf8 22. a3 Rxf3 23. gxf3 Nd2 24. Rxe6 Nxd4 25. Rd6 Ne2+ 26. Kg2 Nxc1 27. Rxd5 Ncb3 28. Rd3 Rf5 29. Bd6 Nc4 30. Bb4 a5 31. Rxb3 axb4 32. Rxb4 Nd6 33. Rb6 Rf6 34. f4 Kf7 35. Kf3 Ke7 36. Kg4 g5 37. fxg5 hxg5 38. f3 Rf4+ 39. Kxg5 Rxf3 40. Kg4 Rf6 41. Rb3 Rf8 42. Re3+ Kd7 43. b3 Rg8+ 44. Kh4 Rh8+ 45. Kg5 Rxh2 46. Rd3 Rc2 47. Kf6 Rc3 48. Rxc3 Ne4+ 49. Ke5 Nxc3 50. a4 Kc6 51. Kd4 Nd5 52. a5 Nc7 53. Kc4 Na6 54. b4 Nc7 55. b5+ Nxb5 56. Kb4 Nc7 57. Kc4 Na6 58. Kb3 Kb5 59. Ka2 Kxa5 60. Ka3 Nc5 61. Ka2 Kb4 62. Kb2 b5 63. Kc2 Ka3 64. Kb1 Kb3 65. Ka1 Kc2 66. Ka2 b4 67. Ka1 Ne6 68. Ka2 b3+ 69. Ka3 b2 70. Ka4 b1Q 71. Ka3 Qb3# 0-1

[Event "EU School-ch U13 Girls"]
[Site "Kallithea"]
[Date "2016.06.24"]
[Round "8"]
[White "Ramaiya, Arushi"]
[Black "Kaygisiz, Ilayda"]
[Result "1/2-1/2"]
[WhiteElo "1558"]
[BlackElo "1548"]
[PlyCount "49"]
[EventDate "2016.06.17"]
[EventType "swiss"]
[EventRounds "9"]
[EventCountry "GRE"]
[SourceTitle "EXT 2017"]
[Source "ChessBase"]
[SourceDate "2016.10.25"]
[SourceVersion "1"]
[SourceVersionDate "2016.10.25"]
[SourceQuality "1"]

1. e4 c5 2. Nc3 a6 3. f4 b5 4. Nf3 Bb7 5. d3 d6 6. g3 e6 7. Bg2 Nf6 8. Bd2 Be7 9. Qe2 b4 10. Nd1 Nc6 11. Ne3 Rc8 12. c3 a5 13. f5 e5 14. g4 Ba6 15. c4 Nd4 16. Nxd4 exd4 17. Nf1 Nd7 18. 0-0-0 a4 19. Ng3 Ne5 20. Nh5 g6 21. Nf4 Bb7 22. Rdf1 Bg5 23. Kb1 a3 24. b3 Qe7 25. Kc2 1/2-1/2

[Event "London Classic CSC U120 op 7th"]
[Site "London"]
[Date "2015.12.06"]
[Round "4"]
[White "Carter, Thomas"]
[Black "Ramaiya, Arushi"]
[Result "0-1"]
[WhiteElo "104"]
[BlackElo "1543"]
[PlyCount "166"]
[EventDate "2015.12.04"]
[EventType "swiss"]
[EventRounds "5"]
[EventCountry "ENG"]
[SourceTitle "CBM 169 Extra"]
[Source "ChessBase"]
[SourceDate "2015.12.18"]
[SourceVersion "1"]
[SourceVersionDate "2015.12.18"]
[SourceQuality "1"]

1. d4 Nf6 2. e3 e6 3. Bd3 b6 4. Nf3 Bb7 5. Nbd2 c5 6. c3 Be7 7. h3 0-0 8. Qc2 d5 9. b3 Nbd7 10. Bb2 Rc8 11. c4 Re8 12. dxc5 Bxc5 13. 0-0 Bb4 14. Bxf6 Nxf6 15. Rad1 Qc7 16. Ng5 g6 17. Qb2 Qe7 18. Qb1 Bxd2 19. Rxd2 Nh5 20. h4 dxc4 21. bxc4 f5 22. Re1 h6 23. Nh3 Qxh4 24. Bf1 Be4 25. Qb2 Red8 26. Red1 Rxd2 27. Rxd2 Rd8 28. a3 Rxd2 29. Qxd2 Qe7 30. a4 Qa3 31. Qd8+ Qf8 32. Qd7 Qf7 33. Qd8+ Kh7 34. Be2 Nf6 35. Qb8 Bc6 36. Qh2 Kg7 37. a5 bxa5 38. Qe5 a4 39. Nf4 Kh7 40. Nxe6 Nd7 41. Qd6 Be4 42. Qxd7 Qxd7 43. Nf8+ Kg7 44. Nxd7 Kf7 45. Nc5 a3 46. Nb3 Ke6 47. Kf1 Kd6 48. Ke1 Bxg2 49. Kd2 h5 50. Kc1 h4 51. Nd2 Kc5 52. Bf3 h3 53. Kb1 Bxf3 54. Nxf3 Kxc4 55. Ka2 Kb4 56. Nh2 g5 57. f3 Kc3 58. e4 fxe4 59. fxe4 Kd4 60. Kxa3 Kxe4 61. Ka4 Kf4 62. Ka5 Kg3 63. Nf1+ Kg2 64. Ne3+ Kg1 65. Ng4 h2 66. Nxh2 Kxh2 67. Ka6 g4 68. Kxa7 g3 69. Kb6 g2 70. Kc5 g1Q+ 71. Kd5 Qe1 72. Kd4 Kg3 73. Kd3 Kf3 74. Kd4 Qe4+ 75. Kc5 Qd3 76. Kc6 Ke4 77. Kc5 Qd5+ 78. Kb6 Qc4 79. Kb7 Kd5 80. Kb6 Qc6+ 81. Ka7 Qb5 82. Ka8 Kc6 83. Ka7 Qb7# 0-1

[Event "London Classic CSC U120 op 7th"]
[Site "London"]
[Date "2015.12.05"]
[Round "3"]
[White "Ramaiya, Arushi"]
[Black "Selvarattinam, Gengadharan"]
[Result "1/2-1/2"]
[WhiteElo "1543"]
[BlackElo "1740"]
[PlyCount "98"]
[EventDate "2015.12.04"]
[EventType "swiss"]
[EventRounds "5"]
[EventCountry "ENG"]
[SourceTitle "CBM 169 Extra"]
[Source "ChessBase"]
[SourceDate "2015.12.18"]
[SourceVersion "1"]
[SourceVersionDate "2015.12.18"]
[SourceQuality "1"]

1. e4 e5 2. Nf3 Nc6 3. Nc3 d6 4. Bb5 a6 5. Ba4 Bg4 6. h3 Bxf3 7. Qxf3 Nf6 8. Nd5 Be7 9. Nxe7 Qxe7 10. Qc3 Qd7 11. Bxc6 bxc6 12. d3 c5 13. Bg5 Qe7 14. 0-0 0-0 15. f4 h6 16. Bh4 exf4 17. Rxf4 Qe5 18. Qd2 Qd4+ 19. Rf2 Nh7 20. c3 Qe5 21. Rf5 Qe6 22. b3 g6 23. Rf3 g5 24. Bg3 f6 25. Rf5 Kg7 26. Raf1 Rf7 27. Qf2 Raf8 28. h4 Rh8 29. Qf3 Kg6 30. d4 cxd4 31. cxd4 Re8 32. e5 d5 33. h5+ Kg7 34. Re1 fxe5 35. Bxe5+ Kg8 36. Rf1 Qxf5 37. Qxf5 Rxf5 38. Rxf5 c6 39. Kf2 Rf8 40. Rxf8+ Nxf8 41. Ke3 Nd7 42. b4 Kf7 43. Kd3 Nf6 44. Bxf6 Kxf6 45. g4 Ke6 46. a4 Kd6 47. Kc3 Kc7 48. Kb3 Kb6 49. Ka3 Kb7 1/2-1/2